countries that have the letter 'Z' in their names - Statistics

General Stats
  • This quiz has been taken 50 times
  • The average score is 12 of 15
Answer Stats
Answer % Correct
Zambia
97%
Zimbabwe
95%
Azerbaijan
92%
Tanzania
85%
Belize
79%
Brazil
79%
Kazakhstan
79%
Mozambique
79%
Uzbekistan
79%
Venezuela
79%
Kyrgyzstan
74%
New Zealand
69%
Switzerland
69%
Bosnia and Herzegovina
62%
Czech Republic
62%
No matching quizzes found
Score Distribution
Percent of People with Each Score
Percentile by Number Answered
Your Score History
You have not taken this quiz